LEADER 02365nam 2200565Ia 450 001 9910451272003321 005 20200520144314.0 010 $a1-281-44973-3 010 $a9786611449735 010 $a0-335-23481-X 035 $a(CKB)1000000000412174 035 $a(EBL)335273 035 $a(OCoLC)245263057 035 $a(SSID)ssj0000330206 035 $a(PQKBManifestationID)11258986 035 $a(PQKBTitleCode)TC0000330206 035 $a(PQKBWorkID)10317738 035 $a(PQKB)10632769 035 $a(MiAaPQ)EBC335273 035 $a(Au-PeEL)EBL335273 035 $a(CaPaEBR)ebr10229861 035 $a(CaONFJC)MIL144973 035 $a(EXLCZ)991000000000412174 100 $a20131217d2008 uy 0 101 0 $aeng 135 $aur|n|---||||| 181 $ctxt 182 $cc 183 $acr 200 10$aDomestic cultures$b[electronic resource] /$fJoanne Hollows 210 $aMaidenhead $cOpen University Press$d2008 215 $a1 online resource (183 p.) 300 $aDescription based upon print version of record. 311 $a0-335-22253-6 327 $aFront Cover; Half-title; Series Editor Page; Title Page; Copyright Page; Dedication Page; Content Page; Foreword; Acknowledgements; Chapter 1: Introduction; Chapter 2: Histories of domestic culture: gender and domestic modernity; Chapter 3: Home-centredness: Suburbia, privatization and class; Chapter 4: Home-work: feminisms, domesticity and domestic labour; Chapter 5: Home-making: domestic consumption and material culture; Chapter 6: The media in domestic cultures; Chapter 7: Dislocating public and private; Glossary; Bibliography; Index; Back Cover 330 $aBrings together key research and debates on the question of domesticity and shows how understandings of domestic cultures have been theorized in media and cultural studies and wider academic and social contexts. This book addresses the feminist and left critiques that argue that domesticity is conservative and oppressive. 606 $aCulture 606 $aHome 608 $aElectronic books. 615 0$aCulture. 615 0$aHome. 676 $a306 700 $aHollows$b Joanne$0882298 801 0$bMiAaPQ 801 1$bMiAaPQ 801 2$bMiAaPQ 906 $aBOOK 912 $a9910451272003321 996 $aDomestic cultures$91970728 997 $aUNINA LEADER 02319oam 2200565 450 001 9910704372303321 005 20160629125037.0 035 $a(CKB)5470000002439960 035 $a(OCoLC)944031552 035 $a(EXLCZ)995470000002439960 100 $a20160307d2016 ua 0 101 0 $aeng 135 $aurbn||||a|||| 181 $ctxt$2rdacontent 182 $cc$2rdamedia 183 $acr$2rdacarrier 200 10$aClimate change $ethe need to act now : hearing before the Subcommittee on Clean Air and Nuclear Safety of the Committee on Environment and Public Works, United States Senate and the Committee on Environment and Public Works, United States Senate, One Hundred Thirteenth Congress, second session, June 18, 2014 210 1$aWashington :$cU.S. Government Publishing Office,$d2016. 215 $a1 online resource (iv, 302 pages) $cillustrations 225 1 $aS. hrg. ;$v113-771 300 $aTitle from title screen (viewed on March 7, 2016). 300 $aPaper version available for sale by the Superintendent of Documents, United States Government Publishing Office. 320 $aIncludes bibliographical references. 517 $aClimate change 606 $aEnvironmental policy$zUnited States 606 $aClimate change mitigation$xGovernment policy$zUnited States 606 $aGreenhouse gas mitigation$xGovernment policy$zUnited States 606 $aFossil fuels$xGovernment policy$zUnited States 606 $aRenewable energy sources$xGovernment policy$zUnited States 606 $aClimatic changes$xEconomic aspects$zUnited States 606 $aEnvironmental law$xEconomic aspects$zUnited States 608 $aLegislative hearings.$2lcgft 615 0$aEnvironmental policy 615 0$aClimate change mitigation$xGovernment policy 615 0$aGreenhouse gas mitigation$xGovernment policy 615 0$aFossil fuels$xGovernment policy 615 0$aRenewable energy sources$xGovernment policy 615 0$aClimatic changes$xEconomic aspects 615 0$aEnvironmental law$xEconomic aspects 801 0$bGPO 801 1$bGPO 801 2$bOCLCO 801 2$bGPO 801 2$bSTF 801 2$bOCLCO 801 2$bGPO 906 $aBOOK 912 $a9910704372303321 996 $aClimate change$9250420 997 $aUNINA